[Event "Challenge"]
[Site "http://www.queenalice.com/game.php?id=28040"]
[Date "2005.9.10"]
[Round "-"]
[White "rafael_keller"]
[Black "DorothyParker"]
[Result "0-1"]
[WhiteElo "1575"]
[BlackElo "1871"]

1. d4 d5 2. c4 Nc6 3. Nc3 dxc4 4. e4 Nxd4 5. Bxc4 e5 6. Qh5 Be6 7. Bxe6 Nxe6 8.
Qxe5 Bd6 9. Qb5+ Kf8 10. Qxb7 Nf6 11. Nf3 Nc5 12. Qb5 Nfxe4 13. Nd5 Rb8 14. Qa5
Nd3+ 15. Ke2 Nxc1+ 16. Raxc1 Rxb2+ 17. Nd2 Nxd2 18. Kd1 Ne4 19. Ke1 Qg5 20. Rd1
Bb4+ 21. Nxb4 Qxa5 0-1

[Event "Mais uma"]
[Site "http://www.queenalice.com/game.php?id=28392"]
[Date "2005.9.13"]
[Round "-"]
[White "rafael_keller"]
[Black "AlexBoneto"]
[Result "1/2-1/2"]
[WhiteElo "1568"]
[BlackElo "1517"]

1. d4 Nc6 2. c4 Na5 3. e4 e6 4. a3 d5 5. cxd5 exd5 6. Nc3 c6 7. Nf3 f6 8. Bd3 a6
9. Nh4 Qe7 10. Qh5+ Qf7 11. Qxf7+ Kxf7 12. exd5 Nb3 13. Rb1 Ne7 14. dxc6 Nxc6
15. Bf4 Nbxd4 16. Nd5 Be6 17. Nc7 Rc8 18. Nxe6 Kxe6 19. Be3 Re8 20. O-O Kf7 21.
Rbd1 Bc5 22. b4 Ba7 23. Rfe1 Ne5 24. Be4 Ndc6 25. f4 Bxe3+ 26. Rxe3 Nc4 27. Bd5+
Kf8 28. Rxe8+ Kxe8 29. Bxc4 g6 30. Be6 f5 31. Rd7 Nd8 32. Rd6 Ke7 33. Rb6 Nxe6
34. Rxb7+ Kf6 35. Rb6 Ra8 36. Nf3 a5 37. b5 Kf7 38. Ng5+ Nxg5 39. fxg5 a4 40.
Rb7+ Kg8 41. b6 Ra6 42. Rb8+ Kg7 43. Kf2 Ra5 44. b7 Rb5 45. Ke3 h6 46. gxh6+
Kxh6 47. Kd4 Kg7 48. Kc4 Rb3 49. Kc5 Kf7 50. Kc6 Rc3+ 51. Kd6 Rb3 52. Kc7 Rc3+
53. Kb6 Rb3+ 54. Ka7 Re3 55. Rf8+ Kxf8 56. b8=Q+ Kf7 57. Qb4 Re4 58. Qb5 Re7+
59. Kb8 Re4 60. h3 Kf6 61. Kc7 Kg5 62. Kd6 Kf4 63. Kd5 Kg3 64. Qf1 Rf4 65. Qe2
Re4 66. Qa6 g5 67. Qg6 Kf4 68. g3+ Kxg3 69. Qxg5+ Kxh3 70. Qxf5+ Rg4 71. Qxg4+
Kxg4 72. Kc4 Kf5 73. Kb4 Ke6 74. Kxa4 Kd7 75. Kb5 Kc7 76. a4 Kb7 77. a5 Ka7 78.
a6 Kb8 79. Kb6 Ka8 80. Ka5 Ka7 81. Kb5 Ka8 82. Kb6 Kb8 83. a7+ Ka8 84. Ka6
1/2-1/2

[Event "Challenge"]
[Site "http://www.queenalice.com/game.php?id=29100"]
[Date "2005.9.17"]
[Round "-"]
[White "Astronauta"]
[Black "rafael_keller"]
[Result "0-1"]
[WhiteElo "1537"]
[BlackElo "1574"]

1. e4 e5 2. Nf3 Nc6 3. d4 exd4 4. Nxd4 h6 5. c4 Nf6 6. Nxc6 dxc6 7. e5 Qxd1+ 8.
Kxd1 Ne4 9. f3 Nf2+ 10. Ke1 Nxh1 11. a3 Bc5 12. b4 Bd4 13. Ra2 Bxe5 14. Re2 f6
15. f4 O-O 16. fxe5 fxe5 17. Rxe5 Nf2 18. h3 Bd7 19. Be3 Rae8 20. Rxe8 Rxe8 21.
Kxf2 Bf5 22. Nc3 b6 23. c5 Rf8 24. Kg1 Be4 25. Bc4+ Bd5 26. Nxd5 cxd5 27. Bxd5+
Kh7 28. a4 Rd8 29. Bc4 Rd1+ 30. Kh2 Ra1 31. Bd3+ g6 32. Bc2 Ra2 33. Bd1 Rb2 34.
b5 g5 35. c6 Kg6 36. Kg3 h5 37. Kf3 Kf6 38. g4 hxg4+ 39. Kxg4 Rb4+ 40. Kg3 Rc4
41. Kf3 Kf5 42. Kg3 Rc3 43. Kf3 Kf6 44. Ke4 Kg6 45. Kd4 Ra3 46. Ke4 Rc3 47. Kd4
Ra3 48. Bc2+ Kf6 49. Ke4 Ra2 50. Bd1 Ra3 51. Bg4 Rxa4+ 52. Kd5 Rb4 53. Be2 Rb3
54. Kd4 Rb2 55. Ke4 Rxe2 56. Kf3 Ra2 57. Kg4 Ra4+ 58. Kh5 Rh4# 0-1

[Event "Challenge"]
[Site "http://www.queenalice.com/game.php?id=29125"]
[Date "2005.9.17"]
[Round "-"]
[White "rafael_keller"]
[Black "hamid1"]
[Result "0-1"]
[WhiteElo "1603"]
[BlackElo "1552"]

1. d4 d6 2. c4 e5 3. e4 Nc6 4. d5 Nd4 5. Nf3 Nxf3+ 6. Qxf3 Nf6 7. Bg5 Be7 8.
Bxf6 Bxf6 9. Be2 c5 10. dxc6 bxc6 11. Na3 Qa5+ 12. Qc3 Qc5 13. O-O Rb8 14. Nc2
Bh4 15. g3 Bf6 16. Ne3 Qb6 17. Rab1 Be6 18. b3 Qd8 19. c5 d5 20. exd5 e4 21. Qd2
cxd5 22. Rbd1 d4 23. Ng4 d3 24. Nxf6+ Qxf6 25. Bxd3 exd3 26. Qxd3 O-O 27. Qa6
Rbd8 28. Rxd8 Rxd8 29. Qxa7 h5 30. c6 Rc8 31. c7 Qe7 32. Rc1 h4 33. gxh4 Qxh4
34. Qb8 Qg5+ 35. Kf1 Qxc1+ 36. Ke2 Qf4 37. Kd3 Rxb8 0-1

[Event "AUTO-ADV-83"]
[Site "http://www.queenalice.com/game.php?id=29426"]
[Date "2005.9.19"]
[Round "1"]
[White "rafael_keller"]
[Black "cadulima"]
[Result "1-0"]
[WhiteElo "1590"]
[BlackElo "1612"]

1. d4 d5 2. Nc3 c6 3. e4 dxe4 4. Nxe4 e5 5. c3 Bf5 6. Qf3 Bxe4 7. Qxe4 Qd6 8.
Bc4 Nf6 9. Qf3 Be7 10. Nh3 Nbd7 11. O-O exd4 12. Re1 O-O 13. cxd4 Qxd4 14. Bd3
Rae8 15. Ng5 Bc5 16. Rxe8 Rxe8 17. Be3 Qxe3 18. fxe3 Rxe3 19. Bxh7+ Nxh7 20.
Qxf7+ Kh8 21. Kf1 Nxg5 22. Qxd7 Re7 23. Qf5 Ne4 24. Rd1 Re8 25. g3 Rf8 26. Qxf8+
Bxf8 27. Rd8 Kg8 28. Kg2 Nc5 29. b4 Ne6 30. Rd7 Kh7 31. Rxb7 Nd4 32. Rxa7 Bxb4
33. a4 Nb3 34. Kf3 Kg6 35. Ke4 c5 36. Kd5 Na5 37. Ke4 c4 38. Kd4 c3 39. Ra6+ Kh7
40. Kd3 g6 41. Rb6 Nc4 42. Rxb4 Ne3 43. Kxe3 1-0

[Event "AUTO-ADV-83"]
[Site "http://www.queenalice.com/game.php?id=29427"]
[Date "2005.9.19"]
[Round "1"]
[White "cadulima"]
[Black "rafael_keller"]
[Result "1-0"]
[WhiteElo "1582"]
[BlackElo "1590"]

1. e4 e5 2. Nf3 d6 3. Nc3 Bg4 4. Be2 Nh6 5. h3 Bxf3 6. Bxf3 Nc6 7. Nd5 Be7 8. g3
Nd4 9. d3 c6 10. Nxe7 Qxe7 11. Bxh6 gxh6 12. c3 Nb5 13. Qb3 O-O-O 14. O-O-O Qf6
15. Bg4+ Kb8 16. a4 Nc7 17. Rhf1 Rhg8 18. f4 Rdf8 19. fxe5 Qxe5 20. Rxf7 Rxf7
21. Qxf7 Qg5+ 22. Kc2 Rg7 23. Qf8+ Ne8 24. Qxe8+ Kc7 25. Qc8+ Kb6 26. a5+ Qxa5
27. Qd8+ Rc7 28. Qxd6 Rf7 29. Bf5 Rg7 30. g4 h5 31. Qb4+ Qb5 32. Qd4+ Qc5 33.
Qxg7 Qf2+ 34. Rd2 Qg3 35. Qxh7 Qxh3 36. Qxh5 Qe3 37. g5 Qc5 38. g6 Qe5 39. Qh7
1-0

[Event "AUTO-ADV-83"]
[Site "http://www.queenalice.com/game.php?id=29428"]
[Date "2005.9.19"]
[Round "1"]
[White "rafael_keller"]
[Black "luciano"]
[Result "1-0"]
[WhiteElo "1566"]
[BlackElo "1466"]

1. d4 d5 2. c4 Nf6 3. Nc3 Nc6 4. cxd5 Nxd5 5. e4 Nxc3 6. bxc3 e5 7. d5 Ne7 8.
Qf3 c6 9. Bc4 b5 10. Bb3 a5 11. d6 f6 12. dxe7 Bxe7 13. a4 Bc5 14. Qh5+ g6 15.
Qh6 Ba7 16. Qg7 Rf8 17. Qxh7 Qe7 18. Qxg6+ Kd8 19. Bh6 Rh8 20. Qg7 Re8 21. Bf7
1-0

[Event "AUTO-ADV-83"]
[Site "http://www.queenalice.com/game.php?id=29429"]
[Date "2005.9.19"]
[Round "1"]
[White "luciano"]
[Black "rafael_keller"]
[Result "0-1"]
[WhiteElo "1484"]
[BlackElo "1578"]

1. e4 e5 2. Nf3 d6 3. d4 exd4 4. Nxd4 Nf6 5. Nc3 Be7 6. Bc4 Ng4 7. Qf3 O-O 8.
Nf5 Ne5 9. Qe2 Nxc4 10. Qxc4 Re8 11. Nd5 Nc6 12. Nfxe7+ Nxe7 13. Bg5 Be6 14.
Nxe7+ Qxe7 15. Bxe7 Bxc4 16. b3 Bxb3 17. axb3 Rxe7 18. f3 d5 19. Ra4 f5 20. O-O
fxe4 21. Re1 b5 22. Rd4 Re5 23. f4 c5 24. fxe5 cxd4 0-1

[Event "Challenge"]
[Site "http://www.queenalice.com/game.php?id=32082"]
[Date "2005.10.7"]
[Round "-"]
[White "AlexBoneto"]
[Black "rafael_keller"]
[Result "0-1"]
[WhiteElo "1538"]
[BlackElo "1575"]

1. e4 b6 2. Nc3 Bb7 3. d4 e6 4. d5 exd5 5. Nxd5 Nf6 6. Bg5 Bxd5 7. Bxf6 Qxf6 8.
Qxd5 Nc6 9. Rd1 Bd6 10. Bb5 O-O 11. Bxc6 dxc6 12. Qxc6 Bb4+ 13. Qc3 Bxc3+ 14.
bxc3 Qxc3+ 15. Rd2 Rad8 16. Nf3 Qa1+ 0-1

[Event "Challenge"]
[Site "http://www.queenalice.com/game.php?id=34256"]
[Date "2005.10.20"]
[Round "-"]
[White "rafael_keller"]
[Black "LL"]
[Result "1-0"]
[WhiteElo "1598"]
[BlackElo "1370"]

1. d4 d5 2. Na3 e6 3. Nb5 a6 4. Na3 c5 5. c4 Nf6 6. Bg5 h6 7. Bf4 g5 8. Be5 Bd6
9. e3 O-O 10. Nf3 Ng4 11. Bd3 Nxf2 12. Kxf2 f6 13. Bxd6 Qxd6 14. Bc2 Bd7 15. Qd3
f5 16. Ne5 cxd4 17. exd4 Nc6 18. Nxd7 Qxd7 19. Rhf1 Nb4 20. Qb3 Nxc2 21. Nxc2 a5
22. cxd5 exd5 23. Ne3 a4 24. Qb4 f4 25. Nc2 f3 26. gxf3 Qh3 27. Kg1 g4 28. Qxb7
Rab8 29. Qxd5+ Rf7 30. fxg4 Qxg4+ 31. Kh1 Rxb2 32. Qxf7+ Kh8 33. Qf8+ Kh7 34.
Qe7+ Qg7 35. Rf7 Qxf7 36. Qxf7+ Kh8 37. Rg1 Rb8 38. Qg7# 1-0

[Event "GIL X Rafael"]
[Site "http://www.queenalice.com/game.php?id=36514"]
[Date "2005.11.5"]
[Round "-"]
[White "gilcesar"]
[Black "rafael_keller"]
[Result "1-0"]
[WhiteElo "1692"]
[BlackElo "1575"]

1. e4 b6 2. d4 Bb7 3. Bd3 e6 4. c3 h6 5. Nf3 Nf6 6. Qe2 Ng4 7. Ne5 Nxe5 8. dxe5
Bc5 9. b4 Be7 10. O-O Nc6 11. Bb2 Nxe5 12. Bc2 Bd6 13. Nd2 Qh4 14. g3 Qh3 15. f3
a5 16. Qg2 Qxg2+ 17. Kxg2 axb4 18. cxb4 Bxb4 19. Bxe5 f6 20. Bf4 Bc3 21. Rad1
Rxa2 22. Bd3 Bd4 23. Rfe1 O-O 24. Re2 c5 25. Nb3 Ra3 26. Nxd4 cxd4 27. Bd6 Rxd3
28. Rxd3 Rc8 29. Rxd4 g5 30. g4 Kf7 31. Bb4 Rc7 32. Rd6 Ba6 33. Red2 Bb5 34.
Rxb6 1-0

[Event "Challenge"]
[Site "http://www.queenalice.com/game.php?id=36625"]
[Date "2005.11.5"]
[Round "-"]
[White "rafael_keller"]
[Black "Boeing"]
[Result "0-1"]
[WhiteElo "1607"]
[BlackElo "1792"]

1. d4 e6 2. c4 c5 3. e3 Nf6 4. Na3 a6 5. Nh3 Ne4 6. Bd3 d5 7. Nf4 cxd4 8. exd4
Bb4+ 9. Ke2 Bxa3 10. bxa3 Nc3+ 11. Kd2 Nxd1 12. Kxd1 dxc4 13. Bxc4 Qxd4+ 14. Bd3
Qxa1 0-1

[Event "Challenge"]
[Site "http://www.queenalice.com/game.php?id=37283"]
[Date "2005.11.10"]
[Round "-"]
[White "rafael_keller"]
[Black "Astronauta"]
[Result "1-0"]
[WhiteElo "1605"]
[BlackElo "1466"]

1. d4 e6 2. c4 c5 3. e3 Nf6 4. Nc3 Nc6 5. Bd2 d5 6. Qa4 Bd7 7. Qb3 b6 8. Nf3 Bd6
9. Ng5 cxd4 10. Nb5 Na5 11. Nxd6+ Ke7 12. Qa3 Qb8 13. Bxa5 Qxd6 14. Bb4 1-0

[Event "Challenge"]
[Site "http://www.queenalice.com/game.php?id=37510"]
[Date "2005.11.11"]
[Round "-"]
[White "rafael_keller"]
[Black "Astronauta"]
[Result "0-1"]
[WhiteElo "1627"]
[BlackElo "1439"]

1. d4 d5 2. c4 Nc6 3. Nc3 Nf6 4. Bg5 e6 5. Bxf6 gxf6 6. e4 dxc4 7. Nf3 e5 8.
Bxc4 Bg4 9. h3 Bh5 10. g4 Bg6 11. h4 h5 12. g5 exd4 13. Nb5 Bxe4 14. Qe2 f5 15.
Bd5 Qe7 16. Bxe4 fxe4 17. Nd2 e3 18. Nf3 exf2+ 19. Kxf2 Qxe2+ 20. Kxe2 O-O-O 21.
Rhd1 Bg7 22. g6 fxg6 23. Ng5 Rhe8+ 24. Kd3 Re3+ 25. Kc4 Na5+ 26. Kb4 Nc6+ 27.
Kc4 a6 28. Na3 b5+ 29. Kc5 Re5+ 30. Kxc6 Rd6# 0-1

[Event "Challenge"]
[Site "http://www.queenalice.com/game.php?id=38247"]
[Date "2005.11.17"]
[Round "-"]
[White "LL"]
[Black "rafael_keller"]
[Result "0-1"]
[WhiteElo "1347"]
[BlackElo "1591"]

1. e4 b6 2. e5 Bb7 3. d4 e6 4. Nf3 c5 5. Bg5 Be7 6. Bxe7 Nxe7 7. Ng5 Nf5 8. Nxf7
Kxf7 9. g3 Bxh1 10. Qh5+ g6 11. Qh3 Qg5 12. Nc3 Nxd4 13. Bg2 Nxc2+ 14. Ke2 Bxg2
15. Qxg2 Nc6 16. Rd1 N6d4+ 17. Kf1 Qxe5 18. Ne4 d5 19. Nc3 Rhf8 20. f4 Qh5 21.
g4 Qh4 22. Nxd5 exd5 23. Qxd5+ Ke7 24. Qb7+ Ke6 25. Qe4+ Kd7 26. f5 gxf5 27.
Qd5+ Ke7 28. Qb7+ Ke6 29. g5 Ne3+ 30. Kg1 Nxd1 31. Qg2 Qe1+ 32. Qf1 Nf3+ 33. Kg2
Ne3+ 34. Kxf3 Qxf1+ 35. Kxe3 Rad8 36. g6 Rfe8 37. gxh7 Kf6# 0-1

[Event "sampa"]
[Site "http://www.queenalice.com/game.php?id=40203"]
[Date "2005.11.27"]
[Round "-"]
[White "Simone"]
[Black "rafael_keller"]
[Result "1-0"]
[WhiteElo "1614"]
[BlackElo "1608"]

1. e3 b6 2. Qf3 Nc6 3. d3 Bb7 4. e4 Nd4 5. Qd1 e6 6. a3 Qf6 7. Ne2 Bc5 8. Nbc3
Nxe2 9. Qxe2 Bd4 10. Bd2 Nh6 11. f3 b5 12. Rb1 a5 13. Nxb5 O-O 14. Bxh6 gxh6 15.
Nxc7 Rac8 16. c3 Bxc3+ 17. Kd1 Rxc7 18. bxc3 Qxc3 19. Qb2 Rfc8 20. Ke2 Ba6 21.
Qxc3 Rxc3 22. Ke3 Rxa3 23. Be2 Rcc3 24. Rhd1 Rc2 25. Rb8+ Kg7 26. Ra8 Bb7 27.
Ra7 Rb2 28. g4 d5 29. exd5 Bxd5 30. Rd7 Kg6 31. h4 f5 32. gxf5+ Kxf5 33. Rxh7
Kg6 34. Rh8 a4 35. Rg1+ Kh5 36. f4+ Rxe2+ 37. Kxe2 Ra2+ 38. Ke3 Rg2 39. Rxg2
Bxg2 40. Kf2 Bd5 41. Kg3 a3 42. Rh7 a2 43. Ra7 e5 44. fxe5 Be6 45. Ra4 Kg6 46.
Ra6 Kf5 47. Ra5 Bd5 48. d4 Ke4 49. Ra4 Bb3 50. Ra3 Kxd4 51. Kf4 Kd5 52. Kf5 Kc6
53. Kf6 Kd7 54. Ra7+ Kc6 55. e6 Kb6 56. Ra3 Bxe6 57. Kxe6 1-0

[Event "AUTO-ADV-83"]
[Site "http://www.queenalice.com/game.php?id=40394"]
[Date "2005.11.28"]
[Round "2"]
[White "rafael_keller"]
[Black "denisaja"]
[Result "0-1"]
[WhiteElo "1601"]
[BlackElo "1718"]

1. d4 f5 2. c4 e6 3. Nc3 Bb4 4. Bd2 Nf6 5. e3 O-O 6. Bd3 c5 7. Nf3 cxd4 8. exd4
Nc6 9. O-O d5 10. cxd5 Nxd5 11. Ng5 Bxc3 12. bxc3 Nxc3 13. Qb3 Qxd4 14. Qxc3 Rd8
15. Bc4 Qxd2 16. Qb3 Qxg5 17. Rfd1 Rxd1+ 18. Rxd1 Qf6 19. h3 Na5 20. Qa4 Nxc4
21. Qxc4 Qe7 22. Qb5 Kf8 23. Qa5 Bd7 24. Qe5 Bc6 25. Qe3 g6 26. Qe5 Kf7 27. g4
Qa3 28. Rd7+ Bxd7 29. Qc7 Ke7 0-1

[Event "AUTO-ADV-83"]
[Site "http://www.queenalice.com/game.php?id=40397"]
[Date "2005.11.28"]
[Round "2"]
[White "rafael_keller"]
[Black "ENDHER"]
[Result "0-1"]
[WhiteElo "1595"]
[BlackElo "2108"]

1. d4 Nf6 2. c4 g6 3. Nc3 Bg7 4. Nf3 O-O 5. e4 d6 6. Bg5 Nc6 7. Be2 Re8 8. O-O
e5 9. d5 Ne7 10. Nh4 h6 11. Be3 g5 12. Nf3 c6 13. Qb3 cxd5 14. cxd5 Ng4 15. Nd2
Nxe3 16. Rfe1 Ng6 17. fxe3 a6 18. Rf1 g4 19. Nc4 b5 20. Nd2 Qg5 21. Qd1 Qxe3+
22. Kh1 Bd7 23. Re1 Qg5 24. a4 b4 25. Na2 g3 26. Nf3 Qf4 27. Rf1 Qxe4 28. hxg3
Ne7 29. Nh4 Rab8 30. Bxa6 Qxd5 31. Qxd5 Nxd5 32. Bc4 Nf6 33. Nc1 d5 34. Bb3 Ne4
35. Kh2 Be6 36. Nd3 Nd2 37. Nc5 Nxf1+ 38. Rxf1 e4 39. Na6 Rbc8 40. Nxb4 Rb8 0-1

[Event "AUTO-ADV-83"]
[Site "http://www.queenalice.com/game.php?id=40398"]
[Date "2005.11.28"]
[Round "2"]
[White "ENDHER"]
[Black "rafael_keller"]
[Result "1-0"]
[WhiteElo "1975"]
[BlackElo "1597"]

1. d4 b6 2. e4 Bb7 3. Nc3 e6 4. Nf3 Bb4 5. Bd3 Nc6 6. O-O Nf6 7. Bg5 h6 8. Bh4
g5 9. Bg3 Qe7 10. Nb5 O-O-O 11. Bxc7 Rdg8 12. Bg3 a6 13. c3 axb5 14. cxb4 Qxb4
15. a3 Qxb2 16. Rb1 Qxa3 17. Bxb5 Nxe4 18. d5 Nc3 19. Ra1 Qc5 20. dxc6 Bxc6 21.
Bxc6 Nxd1 22. Ra8# 1-0

[Event "Challenge"]
[Site "http://www.queenalice.com/game.php?id=40984"]
[Date "2005.12.1"]
[Round "-"]
[White "rafael_keller"]
[Black "LL"]
[Result "1-0"]
[WhiteElo "1593"]
[BlackElo "1390"]

1. d4 d5 2. c4 Nf6 3. Nc3 e6 4. Bg5 h6 5. Bxf6 Qxf6 6. cxd5 Bb4 7. e4 e5 8. Nf3
Bxc3+ 9. bxc3 Bg4 10. Be2 Nd7 11. Qa4 O-O 12. Nxe5 Nxe5 13. dxe5 Qxe5 14. Bxg4
Qxc3+ 15. Ke2 c6 16. Rac1 Qb2+ 17. Rc2 Qb5+ 18. Qxb5 cxb5 19. Rc7 Rfe8 20. Kd3
b6 21. Rb7 b4 22. Rb1 a5 23. Rxb6 Rec8 24. Bxc8 Rxc8 25. Rb5 Rc3+ 26. Kd4 Ra3
27. Rb3 Rxa2 28. g4 g5 29. Ke5 Kg7 30. Rf3 b3 31. Rbxb3 a4 32. Ra3 Rc2 33. Rxa4
Rc7 34. d6 Rd7 35. Rc4 Rd8 36. Rc7 Re8+ 37. Kd5 Kg6 38. d7 Rd8 39. Kd6 f6 40.
Rc8 Rxd7+ 41. Kxd7 Kf7 42. e5 f5 43. Rxf5+ Kg7 44. Ke7 h5 45. Rf7+ Kg6 46. Rc6#
1-0

[Event "Partida 34"]
[Site "http://www.queenalice.com/game.php?id=47586"]
[Date "2006.1.12"]
[Round "-"]
[White "mauricio_sm"]
[Black "rafael_keller"]
[Result "1-0"]
[WhiteElo "1572"]
[BlackElo "1592"]

1. e4 b6 2. d4 Bb7 3. Nc3 e6 4. d5 Bb4 5. Ne2 Nf6 6. Bg5 h6 7. Bxf6 Qxf6 8. Qd4
Qxd4 9. Nxd4 Bxc3+ 10. bxc3 exd5 11. exd5 Bxd5 12. f3 O-O 13. O-O-O c5 14. Nb5
Nc6 15. Rxd5 Rad8 16. Nd6 Na5 17. Bb5 Ra8 18. Bxd7 Rfd8 19. Ne4 Nc4 20. Bc6 Rdc8
21. Bxa8 Rxa8 22. Rhd1 Kh7 23. Rd8 Rxd8 24. Rxd8 Ne3 25. Rd7 1-0